|
|
|
|
| LEADER |
00000nam0a2200000 4500 |
| 001 |
347470 |
| 005 |
20250225063229.0 |
| 010 |
|
|
|a 5751116046
|
| 035 |
|
|
|a (RuTPU)RU\TPU\book\379385
|
| 090 |
|
|
|a 347470
|
| 100 |
|
|
|a 20220418d2002 k y0rusy50 ca
|
| 101 |
0 |
|
|a rus
|
| 102 |
|
|
|a RU
|
| 105 |
|
|
|a y z 101zy
|
| 200 |
1 |
|
|a Физическая культура и здоровый образ жизни
|e материалы Международной научно-практической конференции
|f Томский государственный университет ; под ред. В. И. Гончарова, В. И. Сусляева
|
| 210 |
|
|
|a Томск
|c Изд-во Томского ун-та
|d 2002
|
| 215 |
|
|
|a 230 с.
|
| 320 |
|
|
|a Библиогр. в конце гл.
|
| 330 |
|
|
|a В сборнике представлены материалы Международной научно-практической конференции, касающиеся актуальных вопросов физической культуры и спорта в системе профессиональной подготовки специалистов, оптимизации физической подготовленности и состояния здоровья студентов; освещены также медико-социологические аспекты спортивной деятельности. Для специалистов физической культуры и спорта.
|
| 606 |
1 |
|
|a Физическая культура и спорт
|2 stltpush
|3 (RuTPU)RU\TPU\subj\63791
|9 80728
|
| 610 |
1 |
|
|a материалы конференций
|
| 610 |
1 |
|
|a физическое образование
|
| 610 |
1 |
|
|a физическое воспитание
|
| 610 |
1 |
|
|a профессиональная подготовка
|
| 610 |
1 |
|
|a спорт
|
| 610 |
1 |
|
|a здоровый образ жизни
|
| 610 |
1 |
|
|a спортивное образование
|
| 610 |
1 |
|
|a спортивное образование
|
| 610 |
1 |
|
|a медико-социологические проблемы
|
| 610 |
1 |
|
|a физическое развитие
|
| 610 |
1 |
|
|a студенты
|
| 610 |
1 |
|
|a физическая активность
|
| 610 |
1 |
|
|a школьники
|
| 675 |
|
|
|a 796(063)
|v 4
|
| 702 |
|
1 |
|a Гончаров
|b В. И.
|4 340
|
| 702 |
|
1 |
|a Сусляев
|b В. И.
|4 340
|
| 712 |
0 |
2 |
|a Томский государственный университет
|c 1917-2009
|7 ca
|8 rus
|2 stltpush
|3 (RuTPU)RU\TPU\col\397
|9 23396
|
| 712 |
1 |
2 |
|a Физическая культура и здоровый образ жизни
|c конференция
|e Томск
|4 570
|
| 801 |
|
1 |
|a RU
|b 63413507
|c 20220418
|
| 801 |
|
2 |
|a RU
|b 63413507
|c 20220606
|g RCR
|
| 942 |
|
|
|c BK
|